<?xml version="1.0" encoding="UTF-8"?>
<record
    xmlns:xsi="http://www.w3.org/2001/XMLSchema-instance"
    xsi:schemaLocation="http://www.loc.gov/MARC21/slim http://www.loc.gov/standards/marcxml/schema/MARC21slim.xsd"
    xmlns="http://www.loc.gov/MARC21/slim">

  <leader>00707nam a22001577a 4500</leader>
  <controlfield tag="005">20260514101950.0</controlfield>
  <controlfield tag="008">260514b        |||||||| |||| 00| 0 eng d</controlfield>
  <datafield tag="050" ind1=" " ind2=" ">
    <subfield code="a">THE HD 62.6 .M65 2026 </subfield>
  </datafield>
  <datafield tag="100" ind1=" " ind2=" ">
    <subfield code="a">MOKEBO, ERIC NYAMIOBO</subfield>
  </datafield>
  <datafield tag="245" ind1=" " ind2=" ">
    <subfield code="a">STRATEGIC CONGRUENCE AND THE PERFORMANCE OF NON-PROFIT ORGANIZATIONS: A CASE STUDY OF COMPASSION INTERNATIONAL CHILD DEVELOPMENT CENTRES IN NYANZA, KENYA..</subfield>
  </datafield>
  <datafield tag="260" ind1=" " ind2=" ">
    <subfield code="a">KISII,</subfield>
    <subfield code="b">KISII UNIVERSITY PRESS.</subfield>
    <subfield code="c">2026.</subfield>
  </datafield>
  <datafield tag="300" ind1=" " ind2=" ">
    <subfield code="a">XVII, 171 P,ILL</subfield>
  </datafield>
  <datafield tag="500" ind1=" " ind2=" ">
    <subfield code="a">INCLUDES BIBLIOGRAPHIC REFERENCES.</subfield>
  </datafield>
  <datafield tag="650" ind1=" " ind2=" ">
    <subfield code="a">CHARITABLE ORGANIZATION- KENYA- PERFORMANCE. 2. STRATEGIC P0LANNING- KENYA- CASE STUDIES. 3. COMPASSION INTERNATIONAL- KENYA- CASE STUDIES.</subfield>
  </datafield>
  <datafield tag="942" ind1=" " ind2=" ">
    <subfield code="2">lcc</subfield>
    <subfield code="c">REF</subfield>
  </datafield>
  <datafield tag="999" ind1=" " ind2=" ">
    <subfield code="c">217137</subfield>
    <subfield code="d">217137</subfield>
  </datafield>
  <datafield tag="952" ind1=" " ind2=" ">
    <subfield code="0">0</subfield>
    <subfield code="1">0</subfield>
    <subfield code="2">lcc</subfield>
    <subfield code="4">0</subfield>
    <subfield code="6">THE H D  00062.00006 .M00065 02026</subfield>
    <subfield code="7">0</subfield>
    <subfield code="8">SC</subfield>
    <subfield code="9">377464</subfield>
    <subfield code="a">KSUL</subfield>
    <subfield code="b">KSUL</subfield>
    <subfield code="c">DISPLAY</subfield>
    <subfield code="d">2026-05-14</subfield>
    <subfield code="i">113721</subfield>
    <subfield code="l">0</subfield>
    <subfield code="o">THE HD 62.6 .M65 2026</subfield>
    <subfield code="p">A000414</subfield>
    <subfield code="r">2026-05-14 10:24:05</subfield>
    <subfield code="t">1</subfield>
    <subfield code="w">2026-05-14</subfield>
    <subfield code="y">REF</subfield>
  </datafield>
</record>
